LIBRARY & INFORMATION CENTRE, KCAET, TAVANUR

ONLINE PUBLIC ACCESS CATALOGUE (OPAC)

Gorkiyude Natakangal / (Record no. 3971)

MARC details
000 -LEADER
fixed length control field 00370cam a2200157ua 4500
041 ## - LANGUAGE CODE
Language code of text/sound track or separate title mal
082 ## - DEWEY DECIMAL CLASSIFICATION NUMBER
Classification number 894.8122
Item number NAI/GOE
100 ## - MAIN ENTRY--AUTHOR NAME
Personal name Nair , K K .
245 ## - TITLE STATEMENT
Title Gorkiyude Natakangal /
250 ## - EDITION STATEMENT
Edition statement 1 /
260 ## - PUBLICATION, DISTRIBUTION, ETC. (IMPRINT)
Place of publication :
Name of publisher Prabhatan Pub Co ,
Year of publication 1957.
300 ## - PHYSICAL DESCRIPTION
Number of Pages 464 ; .
942 ## - ADDED ENTRY ELEMENTS (KOHA)
Koha item type Books
Holdings
Withdrawn status Lost status Damaged status Home library Current library Date acquired Cost, normal purchase price Full call number Accession Number Koha item type
Withdrawn     KAUAET KAUAET 07/04/2012 3.50 894.8122 1269 Books
free website counter